Δέκα μεγάλοι μουσουργοί
Saved in:
| Main Author: | |
|---|---|
| Format: | Book |
| Language: | Greek |
| Published: |
Αθήνα :
Κέδρος,
1981, c1958.
|
| Series: | Η μικρή μας βιβλιοθήκη για όλα τα παιδιά (Κέδρος)
; 3 |
| Subjects: | |
| Tags: |
Add Tag
No Tags, Be the first to tag this record!
|
MARC
| LEADER | 00000cam a2200000 i 4500 | ||
|---|---|---|---|
| 001 | 1/15566 | ||
| 008 | 111010s1981 gr | ||| |||| ||gre|| | ||
| 035 | |l 10111032 | ||
| 040 | |a GR-MyUA |b gre |e AACR2 | ||
| 041 | 0 | |a gre | |
| 082 | 7 | |a 780.92 |2 (22) | |
| 100 | 1 | |a Θεοδωροπούλου, Αύρα. | |
| 245 | 1 | 0 | |a Δέκα μεγάλοι μουσουργοί / |c Άυρας Θεοδωροπούλου. |
| 260 | |a Αθήνα : |b Κέδρος, |c 1981, c1958. | ||
| 300 | |a 110 σ. : |b πορτρ. ; |c 21 εκ. | ||
| 490 | 1 | |a (Η μικρή μας βιβλιοθήκη για όλα τα παιδιά / Κέδρος ; |v 3) | |
| 500 | |a Πορτραίτα, λετρίνες και εξώφυλλο του Τάκη Καλμούχου. | ||
| 650 | 0 | 0 | |a Composers |x Biography. |
| 650 | 0 | 0 | |a Musicians |x Biography. |
| 830 | 0 | |a Η μικρή μας βιβλιοθήκη για όλα τα παιδιά (Κέδρος) |v ; 3 | |
| 852 | |a INST |b SAMOS |e 20111010 |h 780.92 ΘΕΟ |p 005300010551 |q 005300010551 |t BK |y 0 | ||
| 901 | |a BIBL3-2011-2 | ||
| 909 | |a Σ |b 057671 | ||
| 970 | |a ΓΟΥΒΑΛΑ |b ΒΑΣΩ |z 2011/10/10 | ||